[Event "Junior Online 4NCL Division 5"]
[Site "online"]
[Date "2021.04.15"]
[EventDate "2021.04.15"]
[Round "7.214"]
[White "Scheffel, Oliver"]
[WhiteElo "971"]
[WhiteTeam "Barnet Knights F"]
[Black "Tipton, Oliver"]
[BlackElo "880"]
[BlackTeam "Dragon Kings 1"]
[Result "1-0"]
[PlyCount "53"]

1. e4 e5 2. Nf3 d6 3. b3 Nc6 4. Nc3 Be7 5. Bc4 Nf6 6. O-O O-O 7. Be2 Nd4 8. d3 Nxf3+ 9. Bxf3 Bg4 10. Bg5 Bxf3 11. Qxf3 h6 12. Bh4 g5 13. Bxg5 hxg5 14. Qf5 c5 15. Qxg5+ Kh8 16. f4 exf4 17. Rxf4 Nh7 18. Qg4 Rg8 19. Qh5 Rg5 20. Qxf7 Qf8 21. Qxf8+ Bxf8 22. Raf1 b5 23. Nd5 b4 24. Rh4 Be7 25. Rf7 Rf8 26. Rhxh7+ Kg8 27. Nxe7# 1-0

[Event "Junior Online 4NCL Division 5"]
[Site "online"]
[Date "2021.04.15"]
[EventDate "2021.04.15"]
[Round "7.217"]
[White "Morin, Julian"]
[WhiteElo "938"]
[WhiteTeam "Barnet Knights F"]
[Black "Varea, Gabriel"]
[BlackElo "955"]
[BlackTeam "Dragon Kings 1"]
[Result "1/2-1/2"]
[PlyCount "121"]

1. e4 e5 2. Nf3 Nc6 3. Bc4 Bc5 4. Nc3 Nf6 5. d3 d6 6. h4 O-O 7. Bg5 h6 8. Be3 a6 9. Qe2 b5 10. Bxc5 dxc5 11. Bb3 Bg4 12. O-O-O Nd4 13. Qe3 Bxf3 14. gxf3 Nxb3+ 15. axb3 b4 16. Nb1 Qd6 17. Nd2 a5 18. Nc4 Qc6 19. Nxe5 Qd6 20. Nc4 Qe6 21. d4 cxd4 22. Qxd4 a4 23. bxa4 Rxa4 24. b3 Ra6 25. e5 Nd7 26. Qxd7 Qxd7 27. Rxd7 Ra1+ 28. Kb2 Rxh1 29. Rxc7 Rxh4 30. c3 bxc3+ 31. Kxc3 Rh3 32. b4 Rxf3+ 33. Kd4 Rd8+ 34. Kc5 Rb3 35. b5 Rb8 36. b6 h5 37. Kc6 h4 38. b7 h3 39. Rc8+ Kh7 40. Rxb8 h2 41. Rd8 h1=Q+ 42. Rd5 Rxb7 43. Kc5 Rb5+ 44. Kxb5 Qxd5+ 45. Kb4 Qb7+ 46. Kc3 f6 47. e6 Qe7 48. f4 Qxe6 49. Kb4 g5 50. fxg5 fxg5 51. Kc3 g4 52. Kd2 g3 53. Ne3 Qd6+ 54. Ke2 Kh6 55. Nf5+ Kg5 56. Nxd6 Kg4 57. Kf1 Kh3 58. Kg1 g2 59. Nc4 Kg3 60. Ne3 Kf3 61. Nxg2 1/2-1/2

[Event "Junior Online 4NCL Division 5"]
[Site "online"]
[Date "2021.04.15"]
[EventDate "2021.04.15"]
[Round "7.218"]
[White "Tipton, Oliver"]
[WhiteElo "880"]
[WhiteTeam "Dragon Kings 1"]
[Black "Scheffel, Oliver"]
[BlackElo "971"]
[BlackTeam "Barnet Knights F"]
[Result "0-1"]
[PlyCount "50"]

1. d4 d5 2. e3 Nc6 3. Bd3 Nf6 4. Nf3 Bd7 5. Nc3 e6 6. O-O Be7 7. Bd2 O-O 8. Qe2 Nb4 9. a3 Nxd3 10. Qxd3 a6 11. h3 b5 12. b4 c6 13. Ne5 Qc7 14. Nxd7 Qxd7 15. f3 Qd6 16. e4 Qg3 17. Be1 Qg6 18. f4 dxe4 19. Nxe4 Nxe4 20. Rd1 Nf6 21. f5 exf5 22. Rxf5 Nd5 23. Re5 Qxd3 24. cxd3 Rae8 25. Rc1 Bf6 0-1

[Event "Junior Online 4NCL Division 5"]
[Site "online"]
[Date "2021.04.15"]
[EventDate "2021.04.15"]
[Round "7.221"]
[White "Querfurth Waterman, Tal"]
[WhiteElo "858"]
[WhiteTeam "Eden Primary Bishops"]
[Black "Siriwardana, Dinil"]
[BlackElo "1321"]
[BlackTeam "KEGS B"]
[Result "0-1"]
[PlyCount "32"]

1. d4 e5 2. dxe5 Nc6 3. Nf3 Qe7 4. Bf4 Qb4+ 5. Nc3 Qxf4 6. Nd5 Qa4 7. Nxc7+ Kd8 8. Nxa8 Qb4+ 9. Qd2 Qxb2 10. Qd1 Bb4+ 11. Nd2 Bc3 12. Rc1 Nxe5 13. Rb1 Bxd2+ 14. Kxd2 Nc4+ 15. Ke1 Qc3+ 16. Qd2 Qxd2# 0-1

[Event "Junior Online 4NCL Division 5"]
[Site "online"]
[Date "2021.04.15"]
[EventDate "2021.04.15"]
[Round "7.222"]
[White "Badhrinath, Adhvaith B"]
[WhiteElo "1165"]
[WhiteTeam "KEGS B"]
[Black "Marks, Rory"]
[BlackElo "914"]
[BlackTeam "Eden Primary Bishops"]
[Result "0-1"]
[PlyCount "112"]

1. e4 e5 2. Nf3 Nf6 3. Nxe5 Nc6 4. Nxc6 dxc6 5. d4 Nxe4 6. Qe2 Qxd4 7. Nc3 Bf5 8. Be3 Qe5 9. O-O-O Nxc3 10. bxc3 Ba3+ 11. Kb1 O-O 12. Bd4 Qxe2 13. Bxe2 Rfe8 14. Bf3 Re7 15. Rde1 Rxe1+ 16. Rxe1 h6 17. c4 b5 18. cxb5 Rb8 19. Ka1 Rxb5 20. Be4 Bxe4 21. Rxe4 c5 22. Bc3 Rb6 23. Re7 Rd6 24. Re1 Bb4 25. Bxb4 cxb4 26. Re7 Rd2 27. Rxc7 Rxf2 28. g3 Rxh2 29. Rxa7 Rxc2 30. Rb7 Rg2 31. Rxb4 Rxg3 32. a4 Rg6 33. a5 Kf8 34. Ka2 Ke7 35. Ka3 Kd7 36. Ka4 Kc6 37. Rb6+ Kc5 38. Rb5+ Kc6 39. a6 Rg1 40. Rb3 Ra1+ 41. Ra3 Rxa3+ 42. Kxa3 Kb6 43. Kb4 Kxa6 44. Kc5 g5 45. Kd5 g4 46. Ke5 g3 47. Kf4 g2 48. Kf3 g1=Q 49. Kf4 Kb5 50. Kf5 Kc5 51. Kf6 Qe3 52. Kxf7 Qe5 53. Kg8 Qc7 54. Kh8 Kd6 55. Kg8 Ke6 56. Kf8 Qf7# 0-1

[Event "Junior Online 4NCL Division 5"]
[Site "online"]
[Date "2021.04.15"]
[EventDate "2021.04.15"]
[Round "7.223"]
[White "Zabary, Yoav"]
[WhiteElo "929"]
[WhiteTeam "Eden Primary Bishops"]
[Black "Fernandes, Cleon"]
[BlackElo "1000"]
[BlackTeam "KEGS B"]
[Result "1-0"]
[PlyCount "31"]

1. e4 e5 2. Nf3 Nc6 3. Nc3 Nf6 4. d4 exd4 5. Nxd4 Nxd4 6. Qxd4 b6 7. Nd5 Nxd5 8. Qxd5 Bb4+ 9. c3 Bc5 10. Bc4 Qf6 11. Bg5 Qxf2+ 12. Kd1 O-O 13. Rf1 Qxb2 14. Rxf7 Kh8 15. Rxf8+ Bxf8 16. Qg8# 1-0

[Event "Junior Online 4NCL Division 5"]
[Site "online"]
[Date "2021.04.15"]
[EventDate "2021.04.15"]
[Round "7.224"]
[White "Bennett, Ben"]
[WhiteElo "1000"]
[WhiteTeam "KEGS B"]
[Black "Groshong, Olivia"]
[BlackElo "850"]
[BlackTeam "Eden Primary Bishops"]
[Result "1-0"]
[PlyCount "77"]

1. e4 e5 2. Nf3 Nc6 3. d4 exd4 4. Bc4 h6 5. Nxd4 Nxd4 6. Qxd4 c5 7. Qd5 Qe7 8. O-O Nf6 9. Qd3 Nxe4 10. Re1 Nd6 11. Rxe7+ Bxe7 12. Nc3 Nxc4 13. Qxc4 Bg5 14. Bxg5 hxg5 15. Nb5 O-O 16. Rf1 a6 17. Nd6 b6 18. Nxc8 Raxc8 19. f4 gxf4 20. Qxf4 Rce8 21. Rf3 Re2 22. Rh3 f6 23. Qc4+ Re6 24. Re3 Re8 25. Rxe6 dxe6 26. Qa4 Rd8 27. Qxa6 Rd1+ 28. Kf2 Rd2+ 29. Ke3 Rxc2 30. Qxb6 Rxg2 31. Qxe6+ Kh7 32. Qe4+ g6 33. Qxg2 Kg7 34. Qb7+ Kh6 35. Qd5 g5 36. Qxc5 Kh5 37. Kf3 Kh4 38. Qf2+ Kh3 39. Qg3# 1-0

[Event "Junior Online 4NCL Division 5"]
[Site "online"]
[Date "2021.04.15"]
[EventDate "2021.04.15"]
[Round "7.225"]
[White "Siriwardana, Dinil"]
[WhiteElo "1321"]
[WhiteTeam "KEGS B"]
[Black "Querfurth Waterman, Tal"]
[BlackElo "858"]
[BlackTeam "Eden Primary Bishops"]
[Result "1-0"]
[PlyCount "25"]

1. e4 d5 2. exd5 Qxd5 3. Nc3 Qe6+ 4. Be2 b6 5. Nf3 Bb7 6. O-O Bc8 7. d4 Qg6 8. Ne5 Qd6 9. Nb5 Qd8 10. Qd3 Bb7 11. Qc3 Na6 12. Qc4 Nf6 13. Qxf7# 1-0

[Event "Junior Online 4NCL Division 5"]
[Site "online"]
[Date "2021.04.15"]
[EventDate "2021.04.15"]
[Round "7.226"]
[White "Marks, Rory"]
[WhiteElo "914"]
[WhiteTeam "Eden Primary Bishops"]
[Black "Badhrinath, Adhvaith B"]
[BlackElo "1165"]
[BlackTeam "KEGS B"]
[Result "1/2-1/2"]
[PlyCount "108"]

1. e4 e5 2. Nf3 Nc6 3. d4 Nxd4 4. Nxe5 c5 5. Bc4 Ne6 6. Qf3 Qf6 7. Qxf6 Nxf6 8. Bxe6 dxe6 9. O-O Nxe4 10. Re1 Nf6 11. Nc3 a6 12. Be3 Bd6 13. Nd3 b6 14. Red1 Ng4 15. g3 O-O 16. Nf4 Be7 17. h3 Nxe3 18. fxe3 Bb7 19. Rd7 e5 20. Rxb7 exf4 21. Rxe7 fxg3 22. Kg2 Rad8 23. Kxg3 Rd2 24. Rb7 b5 25. Ra7 Rxc2 26. Rxa6 Rxb2 27. Nd1 Rd2 28. Ra5 c4 29. Rxb5 h6 30. Rc5 Rc2 31. e4 Rd8 32. Nf2 Rdd2 33. Rf1 Rxa2 34. Rxc4 Ra3+ 35. Kg2 Raa2 36. Rcc1 h5 37. Rcd1 Re2 38. Rde1 Red2 39. e5 g5 40. e6 fxe6 41. Rxe6 Kg7 42. Re5 Kg6 43. Kg1 h4 44. Re6+ Kh5 45. Re8 Rdb2 46. Rh8+ Kg6 47. Rg8+ Kh5 48. Rh8+ Kg6 49. Rc8 Rd2 50. Rc6+ Kh5 51. Rc5 Rdb2 52. Rf5 Rc2 53. Rf8 Rcb2 54. Rh8+ Kg6 1/2-1/2

[Event "Junior Online 4NCL Division 5"]
[Site "online"]
[Date "2021.04.15"]
[EventDate "2021.04.15"]
[Round "7.227"]
[White "Fernandes, Cleon"]
[WhiteElo "1000"]
[WhiteTeam "KEGS B"]
[Black "Zabary, Yoav"]
[BlackElo "929"]
[BlackTeam "Eden Primary Bishops"]
[Result "1-0"]
[PlyCount "85"]

1. e4 e5 2. Nf3 Nc6 3. Bc4 Bc5 4. d3 Nf6 5. Ng5 O-O 6. O-O d5 7. exd5 Nxd5 8. Nc3 Nf6 9. Qf3 Bg4 10. Qg3 Bd6 11. Qh4 h5 12. h3 Nh7 13. hxg4 Nxg5 14. Bxg5 Be7 15. Bxe7 Nxe7 16. Qxh5 g6 17. Qxe5 Nc6 18. Qc5 Qh4 19. f3 Nd8 20. Qxc7 Ne6 21. Bxe6 fxe6 22. Qxb7 Rf7 23. Qxa8+ Kg7 24. Rfe1 Kf6 25. Ne4+ Ke7 26. Qxa7+ Kf8 27. Qc5+ Kg7 28. Qe5+ Kf8 29. Qxe6 Rh7 30. Kf1 Qh1+ 31. Ke2 Qxg2+ 32. Kd1 Re7 33. Qf6+ Rf7 34. Qd6+ Kg7 35. Qd4+ Kf8 36. Qh8+ Ke7 37. Ng5+ Kd6 38. Nxf7+ Kd7 39. Qe8+ Kc7 40. Qe7+ Kb6 41. Re6+ Kb5 42. Qg5+ Kb4 43. Re4# 1-0

[Event "Junior Online 4NCL Division 5"]
[Site "online"]
[Date "2021.04.15"]
[EventDate "2021.04.15"]
[Round "7.228"]
[White "Groshong, Olivia"]
[WhiteElo "850"]
[WhiteTeam "Eden Primary Bishops"]
[Black "Bennett, Ben"]
[BlackElo "1000"]
[BlackTeam "KEGS B"]
[Result "1-0"]
[PlyCount "149"]

1. e4 e5 2. Nf3 Nf6 3. Nc3 Nc6 4. Bc4 Nxe4 5. Nxe4 d5 6. Bxd5 Qxd5 7. Nc3 Qe6 8. O-O Bb4 9. Ng5 Qf6 10. d3 O-O 11. Qh5 Qg6 12. Qh4 f6 13. Nge4 Nd4 14. Rb1 Nf5 15. Qh3 Nd4 16. Qg3 Bxc3 17. Qxg6 hxg6 18. bxc3 Ne6 19. Ba3 Rf7 20. g3 b6 21. f4 exf4 22. gxf4 Bb7 23. f5 gxf5 24. Rxf5 Bxe4 25. dxe4 Ng5 26. e5 fxe5 27. Rxg5 e4 28. Re1 Re8 29. Bb4 c5 30. Ba3 e3 31. Rg3 e2 32. Rg2 Ref8 33. Rgxe2 Rf3 34. Bb2 R8f5 35. Re3 Rxe3 36. Rxe3 Rg5+ 37. Rg3 Rd5 38. c4 Rd7 39. h4 Rd1+ 40. Kh2 Rd2+ 41. Kh3 Rd7 42. h5 Kh7 43. Kh4 Kh6 44. Bc1+ Kh7 45. Rg5 Rd4+ 46. Rg4 Rd1 47. Bb2 Kh6 48. Bxg7+ Kh7 49. h6 Rd8 50. Kh5 Rd1 51. Rf4 Rh1+ 52. Kg5 Rg1+ 53. Rg4 Rc1 54. Rf4 Rg1+ 55. Kf5 Rc1 56. Re4 Rf1+ 57. Ke5 Rc1 58. Kd6 Rxc2 59. Re7 Rxc4 60. Bf8+ Kg8 61. Re8 Rd4+ 62. Kc7 Kh7 63. Kb7 Rd7+ 64. Kc6 Rf7 65. Re7 Rxe7 66. Bxe7 c4 67. Kb7 c3 68. Kxa7 c2 69. Bg5 Kg6 70. Bc1 Kf5 71. h7 Ke4 72. h8=Q Kd3 73. Qh3+ Ke2 74. Qe3+ Kd1 75. Qd2# 1-0

[Event "Junior Online 4NCL Division 5"]
[Site "online"]
[Date "2021.04.15"]
[EventDate "2021.04.15"]
[Round "7.231"]
[White "Pang, Isobel"]
[WhiteElo "1420"]
[WhiteTeam "Chess Challengers F"]
[Black "Correa, Edward"]
[BlackElo "1211"]
[BlackTeam "Manchester Juniors E"]
[Result "1/2-1/2"]
[PlyCount "127"]

1. e4 c5 2. c4 e6 3. d3 Nc6 4. Nf3 d6 5. Nc3 a6 6. Be2 Nf6 7. O-O Be7 8. a3 b6 9. b3 Bb7 10. Bb2 Qc7 11. d4 cxd4 12. Nxd4 Nxd4 13. Qxd4 e5 14. Qd3 h6 15. Nd5 Nxd5 16. exd5 Bc8 17. a4 a5 18. f4 exf4 19. Rxf4 Bg5 20. Qe4+ Qe7 21. Qxe7+ Kxe7 22. Re4+ Kf8 23. Rf1 f6 24. Bh5 Bd7 25. Bc1 Bxc1 26. Rxc1 Be8 27. Bxe8 Rxe8 28. Rce1 Rxe4 29. Rxe4 Kf7 30. c5 bxc5 31. Re6 Rd8 32. Kf2 Rd7 33. Ke3 Kg6 34. Kd3 Kf5 35. Kc4 g5 36. Kb5 Rb7+ 37. Kxa5 Rxb3 38. h3 h5 39. Rxd6 c4 40. Rc6 Rd3 41. d6 c3 42. Rc5+ Ke6 43. Rc6 Rxd6 44. Rxc3 Rd2 45. Rc6+ Kf5 46. Rc5+ Kg6 47. g4 hxg4 48. hxg4 Rd4 49. Kb5 Rxg4 50. a5 Rg1 51. a6 Ra1 52. Rc7 Rb1+ 53. Kc6 Rc1+ 54. Kb7 Rb1+ 55. Kc6 Ra1 56. a7 f5 57. Kb7 Rb1+ 58. Kc6 Ra1 59. Kb6 f4 60. Kb7 Rb1+ 61. Kc6 Ra1 62. Kb7 Rb1+ 63. Kc6 Ra1 64. Kb7 1/2-1/2

[Event "Junior Online 4NCL Division 5"]
[Site "online"]
[Date "2021.04.15"]
[EventDate "2021.04.15"]
[Round "7.232"]
[White "Winser, Frederick"]
[WhiteElo "1176"]
[WhiteTeam "Manchester Juniors E"]
[Black "Mohanraj, Vibu Karthik"]
[BlackElo "1420"]
[BlackTeam "Chess Challengers F"]
[Result "1-0"]
[PlyCount "139"]

1. e4 e5 2. Nc3 Nf6 3. Nf3 Nc6 4. Bb5 a6 5. Bxc6 dxc6 6. Nxe5 Bd6 7. d4 Bxe5 8. dxe5 Qxd1+ 9. Nxd1 Nxe4 10. O-O O-O 11. f3 Nc5 12. Be3 Nd7 13. f4 b5 14. Nc3 Bb7 15. Ne4 h6 16. Nc5 Nxc5 17. Bxc5 Rfe8 18. Rad1 a5 19. Rd7 Rac8 20. Rfd1 a4 21. a3 g5 22. g3 gxf4 23. gxf4 h5 24. R1d3 Re6 25. Rg3+ Rg6 26. f5 Rxg3+ 27. hxg3 Re8 28. Be7 c5 29. f6 Bc6 30. Rxc7 Be4 31. Rxc5 Rb8 32. c3 Kh7 33. Kf2 Bd3 34. Rc7 Bc4 35. Kf3 Rg8 36. Bd6 Rg6 37. Bb4 Bd5+ 38. Kf2 Bc4 39. Rc6 Rg5 40. Rc5 Rf5+ 41. Kg2 Rg5 42. e6 Bxe6 43. Rxg5 Kh6 44. Rc5 Kg6 45. Rxb5 Kxf6 46. Rxh5 Kg7 47. Rg5+ Kf6 48. Ra5 Bd7 49. c4 Be6 50. c5 Bd7 51. Ra6+ Ke7 52. c6+ Kd8 53. cxd7 Kxd7 54. Rf6 Ke8 55. g4 Kd7 56. Ra6 Ke8 57. Rxa4 f6 58. Bc5 Kf7 59. Rd4 Kg6 60. b4 f5 61. gxf5+ Kxf5 62. b5 Ke6 63. b6 Ke5 64. b7 Ke6 65. b8=Q Kf5 66. Qe8 Kf6 67. Rf4+ Kg5 68. Bd6 Kh6 69. Rg4 Kh7 70. Qh5# 1-0

[Event "Junior Online 4NCL Division 5"]
[Site "online"]
[Date "2021.04.15"]
[EventDate "2021.04.15"]
[Round "7.233"]
[White "Aggarwal, Kian"]
[WhiteElo "1400"]
[WhiteTeam "Chess Challengers F"]
[Black "Devarakonda, Aryan"]
[BlackElo "1135"]
[BlackTeam "Manchester Juniors E"]
[Result "1-0"]
[PlyCount "69"]

1. e4 e5 2. Nf3 Nf6 3. Nxe5 d6 4. Nf3 Ng4 5. h3 Ne5 6. Nxe5 dxe5 7. Qh5 Bb4 8. Bc4 O-O 9. Qxe5 Re8 10. Qf4 b6 11. Bxf7+ Kf8 12. Be6+ Ke7 13. Qf7+ Kd6 14. c3 Bxe6 15. Qxg7 Bc5 16. e5+ Kd5 17. O-O h5 18. d4 Be7 19. Qg3 Bh4 20. Qd3 Rg8 21. c4+ Kc6 22. Qe4+ Kd7 23. d5 Bxh3 24. e6+ Ke7 25. Qh7+ Kf8 26. Bh6+ Ke8 27. Qxg8+ Ke7 28. Qf7+ Kd6 29. Bf8+ Ke5 30. f4+ Ke4 31. Nc3+ Ke3 32. Rf3+ Kd2 33. Rd1+ Kc2 34. Qg6+ Kxb2 35. Qb1# 1-0

[Event "Junior Online 4NCL Division 5"]
[Site "online"]
[Date "2021.04.15"]
[EventDate "2021.04.15"]
[Round "7.234"]
[White "Elisseev-Siuda, Ivan"]
[WhiteElo "1099"]
[WhiteTeam "Manchester Juniors E"]
[Black "Khandelwal, Ritisha"]
[BlackElo "1400"]
[BlackTeam "Chess Challengers F"]
[Result "1-0"]
[PlyCount "105"]

1. d4 d5 2. c4 c5 3. dxc5 Qa5+ 4. Nc3 Qxc5 5. cxd5 Qd6 6. Nf3 e6 7. Bg5 exd5 8. Nxd5 Be6 9. e4 f5 10. Bb5+ Nc6 11. Bxc6+ bxc6 12. e5 Qxd5 13. Qe2 Be7 14. Bxe7 Nxe7 15. O-O O-O 16. Ng5 Kh8 17. Rad1 Qxa2 18. Qh5 h6 19. Nxe6 Qxe6 20. Rfe1 Qf7 21. Qh4 Ng6 22. Qg3 Rad8 23. Rxd8 Rxd8 24. e6 Qe7 25. Qxg6 Re8 26. Kf1 Qc5 27. Qxe8+ Kh7 28. e7 Qc4+ 29. Kg1 Qb4 30. Kf1 Qc4+ 31. Kg1 Qb4 32. Rf1 Qxb2 33. Qf7 Qf6 34. Qxf6 gxf6 35. e8=Q h5 36. Re1 Kg7 37. Re7+ Kh6 38. Qh8+ Kg5 39. Rg7+ Kh4 40. Rh7 Kg4 41. Qg8+ Kh4 42. Qh8 Kg4 43. Rxh5 Kf4 44. Qg8 Ke5 45. Qh7 Kd4 46. Qxf5 Kc4 47. Qc5+ Kd3 48. Rh3+ Ke2 49. Qe3+ Kd1 50. Rh5 Kc2 51. Rc5+ Kd1 52. Qd3+ Ke1 53. Rc1# 1-0

[Event "Junior Online 4NCL Division 5"]
[Site "online"]
[Date "2021.04.15"]
[EventDate "2021.04.15"]
[Round "7.235"]
[White "Correa, Edward"]
[WhiteElo "1211"]
[WhiteTeam "Manchester Juniors E"]
[Black "Pang, Isobel"]
[BlackElo "1420"]
[BlackTeam "Chess Challengers F"]
[Result "1-0"]
[PlyCount "127"]

1. d4 d5 2. Nf3 Nc6 3. Bf4 Nf6 4. e3 Ne4 5. Nbd2 Bf5 6. Bd3 f6 7. Bxe4 dxe4 8. Ng1 e5 9. dxe5 fxe5 10. Bg3 h5 11. Nc4 Bd6 12. Nxd6+ cxd6 13. h3 Qa5+ 14. c3 O-O-O 15. Qc2 g5 16. a3 Qd5 17. c4 Qd3 18. Qxd3 exd3 19. O-O-O h4 20. Bh2 e4 21. f3 d5 22. cxd5 Rxd5 23. fxe4 Bxe4 24. Nf3 Rc5+ 25. Kd2 Rc2+ 26. Ke1 Re2+ 27. Kf1 Rf8 28. Bd6 Rf7 29. Re1 d2 30. Kxe2 dxe1=Q+ 31. Rxe1 Ne7 32. Nxg5 Rg7 33. Nxe4 Rxg2+ 34. Kf3 Rg7 35. Bxe7 Rxe7 36. Nc3 Rf7+ 37. Kg4 Rh7 38. Re2 Kd7 39. Rf2 Ke6 40. Rf4 Ke5 41. Kg5 Ke6 42. Rxh4 Rg7+ 43. Kf4 Rf7+ 44. Kg3 Rg7+ 45. Kf2 Rf7+ 46. Ke2 Rf5 47. Rg4 Rh5 48. h4 Kf5 49. Kf3 Kf6 50. b4 Kf5 51. Rg5+ Rxg5 52. hxg5 Kxg5 53. Ke4 Kg4 54. Kd5 Kf3 55. e4 Ke3 56. e5 Kd3 57. e6 Kxc3 58. e7 Kb3 59. e8=Q Kxa3 60. Qb5 a6 61. Qxb7 a5 62. bxa5 Ka4 63. Kc5 Kxa5 64. Qb5# 1-0

[Event "Junior Online 4NCL Division 5"]
[Site "online"]
[Date "2021.04.15"]
[EventDate "2021.04.15"]
[Round "7.236"]
[White "Mohanraj, Vibu Karthik"]
[WhiteElo "1420"]
[WhiteTeam "Chess Challengers F"]
[Black "Winser, Frederick"]
[BlackElo "1176"]
[BlackTeam "Manchester Juniors E"]
[Result "0-1"]
[PlyCount "84"]

1. e4 e5 2. Nf3 d6 3. Bc4 Be6 4. Bxe6 fxe6 5. Nc3 Nf6 6. d3 Be7 7. Bg5 O-O 8. O-O Nc6 9. Re1 Nd4 10. Nxd4 exd4 11. Nb5 a6 12. Nxd4 Qd7 13. Bxf6 Bxf6 14. Nf3 Bxb2 15. Rb1 Bc3 16. Rf1 b6 17. Rb3 Ba5 18. e5 dxe5 19. Nxe5 Qd5 20. d4 b5 21. Qf3 Rxf3 22. gxf3 Qxd4 23. Nc6 Qc5 24. Nxa5 Qxc2 25. Ra1 Rd8 26. Rbb1 Rd2 27. Rf1 Kf7 28. a3 Kf6 29. Rac1 Qa4 30. Nc6 Qxa3 31. f4 b4 32. Ra1 Qd3 33. Nxb4 Qg6+ 34. Kh1 Qe4+ 35. Kg1 Qxb4 36. Rxa6 Qxf4 37. Ra8 Kf7 38. Raa1 Rd5 39. Rfe1 Rg5+ 40. Kf1 Qxh2 41. Ke2 Re5+ 42. Kf1 Qh1# 0-1

[Event "Junior Online 4NCL Division 5"]
[Site "online"]
[Date "2021.04.15"]
[EventDate "2021.04.15"]
[Round "7.237"]
[White "Devarakonda, Aryan"]
[WhiteElo "1135"]
[WhiteTeam "Manchester Juniors E"]
[Black "Aggarwal, Kian"]
[BlackElo "1400"]
[BlackTeam "Chess Challengers F"]
[Result "0-1"]
[PlyCount "64"]

1. e4 e5 2. Bc4 Nf6 3. Nc3 Bc5 4. d3 d6 5. Bg5 O-O 6. Nf3 h6 7. Bxf6 Qxf6 8. O-O Qg6 9. Nh4 Qg5 10. Nf3 Qg6 11. Nh4 Qg4 12. Qxg4 Bxg4 13. d4 exd4 14. f3 dxc3+ 15. Kh1 cxb2 16. Rae1 Be6 17. f4 g5 18. fxg5 hxg5 19. Nf5 Bxc4 20. Nh6+ Kh7 21. Rf6 Bd4 22. Ng4 Bxf6 23. Nxf6+ Kg6 24. Ng4 f5 25. exf5+ Rxf5 26. Ne3 Rc5 27. Nxc4 Rxc4 28. Re6+ Kf5 29. Re1 Rxc2 30. Rf1+ Ke4 31. Rb1 Rc1+ 32. Rxc1 bxc1=Q# 0-1

[Event "Junior Online 4NCL Division 5"]
[Site "online"]
[Date "2021.04.15"]
[EventDate "2021.04.15"]
[Round "7.238"]
[White "Khandelwal, Ritisha"]
[WhiteElo "1400"]
[WhiteTeam "Chess Challengers F"]
[Black "Elisseev-Siuda, Ivan"]
[BlackElo "1099"]
[BlackTeam "Manchester Juniors E"]
[Result "1-0"]
[PlyCount "43"]

1. e4 e5 2. Nf3 Nc6 3. Bc4 Bc5 4. c3 Nf6 5. d4 exd4 6. cxd4 Nxd4 7. Nxd4 Nxe4 8. Be3 O-O 9. O-O d5 10. Bd3 Bxd4 11. Bxd4 Bf5 12. Qf3 Nd2 13. Nxd2 Bxd3 14. Qxd3 Qe7 15. Qg3 f6 16. Rfe1 Qd7 17. h3 Qa4 18. Bc3 d4 19. Qg4 Qc2 20. Qxd4 Rad8 21. Qe3 Rd5 22. Qe6+ 1-0

[Event "Junior Online 4NCL Division 5"]
[Site "online"]
[Date "2021.04.15"]
[EventDate "2021.04.15"]
[Round "7.241"]
[White "Rajdev, Vamika"]
[WhiteElo "1150"]
[WhiteTeam "Young Dragons C"]
[Black "Pang, Ethan"]
[BlackElo "925"]
[BlackTeam "Edgware Gambits J"]
[Result "0-1"]
[PlyCount "112"]

1. d4 d5 2. c4 e6 3. Nc3 Nf6 4. Nf3 Nc6 5. Bg5 Be7 6. e3 O-O 7. Bd3 h6 8. Bh4 b6 9. O-O Ba6 10. b3 Na5 11. b4 Nxc4 12. Qa4 Bb7 13. Bxc4 dxc4 14. Ne5 a6 15. Nc6 b5 16. Nxd8 bxa4 17. Nxb7 Bxb4 18. Nxa4 Be7 19. Rfe1 Rab8 20. Na5 Rb4 21. Nc3 Rb6 22. Nxc4 Rc6 23. Rac1 Rxc4 24. f4 Bb4 25. Re2 Rxc3 26. Rxc3 Bxc3 27. Be1 Bxe1 28. Rxe1 Rb8 29. h3 Rb2 30. a4 Ra2 31. Rc1 Nd5 32. e4 Nxf4 33. Rxc7 Rxg2+ 34. Kf1 Ra2 35. Ra7 Rxa4 36. Rd7 a5 37. d5 Rxe4 38. d6 a4 39. Rc7 a3 40. d7 Rd4 41. Kf2 a2 42. Ke3 a1=Q 43. Rc8+ Kh7 44. d8=Q Rxd8 45. Rxd8 Qe5+ 46. Kf3 Nxh3 47. Kg4 Qg5+ 48. Kxh3 Qxd8 49. Kg3 e5 50. Kf3 Qd3+ 51. Kg4 e4 52. Kf5 e3+ 53. Ke5 e2 54. Kf4 e1=Q 55. Kg4 Qee4+ 56. Kh5 Qh3# 0-1

[Event "Junior Online 4NCL Division 5"]
[Site "online"]
[Date "2021.04.15"]
[EventDate "2021.04.15"]
[Round "7.242"]
[White "Simmons, Keaton"]
[WhiteElo "925"]
[WhiteTeam "Edgware Gambits J"]
[Black "Swartz, Edward RG"]
[BlackElo "1013"]
[BlackTeam "Young Dragons C"]
[Result "0-1"]
[PlyCount "100"]

1. e4 e5 2. Nf3 Nc6 3. Bb5 a6 4. Bxc6 dxc6 5. Nc3 Bg4 6. h3 Bh5 7. O-O Nf6 8. d3 Bd6 9. Bg5 O-O 10. Qe2 h6 11. Bh4 Be7 12. a3 b5 13. b4 c5 14. bxc5 Bxc5 15. a4 Bd4 16. Nxd4 Bxe2 17. Ndxe2 bxa4 18. Rxa4 Qd6 19. Bxf6 Qxf6 20. Nd5 Qd6 21. c4 Kh7 22. f3 c6 23. Nb6 Qc5+ 24. Kh2 Qxb6 25. f4 Qe3 26. Re1 exf4 27. Raa1 Qxd3 28. Nxf4 Qxc4 29. Rac1 Qb4 30. Rb1 Qd6 31. g3 Rfe8 32. Rbd1 Qb4 33. e5 g5 34. Rb1 Qd2+ 35. Ng2 Re6 36. Rbd1 Qc3 37. Rc1 Qa5 38. Ra1 Qc7 39. h4 gxh4 40. Nxh4 Rxe5 41. Rxe5 Qxe5 42. Rg1 Rb8 43. Kh3 Qe3 44. Rg2 a5 45. Nf5 Qe6 46. g4 Rg8 47. Rg3 h5 48. Rg2 hxg4+ 49. Rxg4 Qxf5 50. Kh4 Qxg4# 0-1

[Event "Junior Online 4NCL Division 5"]
[Site "online"]
[Date "2021.04.15"]
[EventDate "2021.04.15"]
[Round "7.243"]
[White "Hoccom, Sebastian"]
[WhiteElo "1040"]
[WhiteTeam "Young Dragons C"]
[Black "Soni, Gia"]
[BlackElo "850"]
[BlackTeam "Edgware Gambits J"]
[Result "1-0"]
[PlyCount "137"]

1. e4 e5 2. Nf3 Nc6 3. Nc3 Nf6 4. d4 Bd6 5. d5 Ne7 6. Bg5 h6 7. Bxf6 gxf6 8. a3 Ng6 9. Nb5 a6 10. Nxd6+ cxd6 11. Bd3 b5 12. O-O Bb7 13. c4 bxc4 14. Bxc4 Rc8 15. Qa4 O-O 16. Bxa6 Bxa6 17. Qxa6 Rb8 18. b4 Qb6 19. Qxb6 Rxb6 20. Rac1 Ra6 21. Ra1 Rc8 22. Ne1 Rc3 23. Nf3 Raxa3 24. Rxa3 Rxa3 25. Rc1 Ra8 26. h3 Nf4 27. g3 Nd3 28. Rd1 Nxb4 29. Rb1 Na2 30. Ra1 Nc3 31. Rxa8+ Kg7 32. Nh4 Nxe4 33. Nf5+ Kg6 34. Nh4+ Kh5 35. Ra4 Ng5 36. Ng2 Nxh3+ 37. Kf1 f5 38. Rh4+ Kg5 39. Rxh3 f4 40. gxf4+ exf4 41. f3 h5 42. Nxf4 Kxf4 43. Rxh5 Kxf3 44. Rf5+ Ke4 45. Rxf7 Kxd5 46. Rxd7 Kc6 47. Ra7 d5 48. Ra3 Kc5 49. Ke2 Kc4 50. Rd3 d4 51. Kd2 Kc5 52. Kc2 Kc4 53. Ra3 d3+ 54. Rxd3 Kb4 55. Rc3 Kb5 56. Kd3 Kb4 57. Kd4 Kb5 58. Rc2 Kb6 59. Kd5 Kb7 60. Kd6 Kb8 61. Kd7 Kb7 62. Rb2+ Ka6 63. Kc6 Ka5 64. Kc5 Ka4 65. Kc4 Ka3 66. Rb8 Ka2 67. Kc3 Ka1 68. Kc2 Ka2 69. Ra8# 1-0

[Event "Junior Online 4NCL Division 5"]
[Site "online"]
[Date "2021.04.15"]
[EventDate "2021.04.15"]
[Round "7.244"]
[White "Tulsiani, Aarav"]
[WhiteElo "910"]
[WhiteTeam "Edgware Gambits J"]
[Black "Kong, Emma"]
[BlackElo "1000"]
[BlackTeam "Young Dragons C"]
[Result "0-1"]
[PlyCount "102"]

1. e4 e5 2. Nf3 Nc6 3. Bc4 Nf6 4. Nc3 Bb4 5. O-O Bxc3 6. bxc3 Nxe4 7. d3 Nxc3 8. Qd2 Na4 9. Ng5 O-O 10. Bb5 Nc5 11. Bxc6 dxc6 12. Ba3 b6 13. f3 h6 14. Bxc5 bxc5 15. Ne4 Qd4+ 16. Kh1 f5 17. Ng3 c4 18. Qf2 Qxf2 19. Rxf2 cxd3 20. cxd3 Ba6 21. f4 exf4 22. Rxf4 g6 23. h4 h5 24. Kh2 Bxd3 25. Rd1 Rad8 26. Rc1 Bb5 27. Ne2 Bxe2 28. Rxc6 Rd6 29. Rxd6 cxd6 30. Rd4 Rd8 31. Rd2 Bc4 32. Rd4 d5 33. Rd2 d4 34. Rc2 Ba6 35. Rd2 d3 36. Rxd3 Rxd3 37. g3 Bc4 38. g4 fxg4 39. Kg2 g3 40. Kf1 Rf3+ 41. Kg2 Ra3 42. Kh3 Be6+ 43. Kg2 Rxa2+ 44. Kf3 g2 45. Ke3 g1=Q+ 46. Ke4 Qg4+ 47. Ke5 Qf5+ 48. Kd6 Ra6+ 49. Kc7 Qf7+ 50. Kb8 Rb6+ 51. Ka8 Qb7# 0-1